Tilastot visalle Sanat - "Rakastuin mä looseriin" - Nylon Beat

Klikkaa tästä pelataksesi tätä visaa!

Yleistilastot

  • Tätä visaa on pelattu 74 kertaa
  • Keskiarvotulos 118 / 162

Vastaustilastot

Sanat% Oikein
looseriin
95%
95%
Rakastuin
95%
95%
en
93%
on
86%
Viimeinkin
84%
viimeinkin
84%
ja
84%
voittajiin
83%
vain
81%
enemmän
81%
Joka
81%
susta
79%
oikeen
79%
ystävän
79%
Kun
78%
vielä
78%
pelkästään
78%
tarrauduin
74%
Olin
74%
heikko -
74%
Tänä
72%
aito
72%
yönä
72%
löysin
72%
Kunnes
71%
64%
Sua
62%
sua
62%
oot
60%
Oot
60%
oon
59%
Oon
59%
Mun
57%
ennen
57%
sun
57%
mun,
57%
koskaan
53%
Herkän
52%
kaukaa
52%
huomasin
52%
nyt
50%
hahmos
50%
pois
48%
Vaan
48%
tuskin
48%
Et
43%
päästäiskään
40%
helppo
38%
nään
38%
katselin
34%
osa
34%
hengittää
33%
voittajaani
33%
tunnen
33%
lähelläin
31%
elämää
31%
olkapään
31%
ystävää
28%
fuulaa
22%
niinkuin
14%

Tulosjakauma

Persentiili vastausten määrän mukaan

Jokaisen tuloksen saaneiden osuus

Tuloshistoriasi

Et ole pelannut tätä visaa